000 01040nam a2200265Ia 4500
003 OSt
005 20220923230625.0
006 a|||||r|||| 00| 0
007 ta
008 220922b |||||||| |||| 00| 0 hin d
024 _a284,912
037 _cTextual
040 _aARTS
_cARTS
_bhin
041 _2hin
_ahin
082 _aO152,3N031:g(Y), N2
100 _aशरण, इन्दु
245 0 _aभगवती चरण वर्मा के उपन्यासों में विनीत देशकाल और भारतीय समाज
246 _aBhagavatī charaṇ varmā ke upanyāsoan mean vinīt deshakāl aur bhāratīya samāja
260 _aनई दिल्ली
_b हिन्दी बुक सेन्टर
_c1992
300 _a80पृ.
_ccm.
650 _a हिन्दी साहित्य
_9156264
650 _aहिन्दी कहानी
942 _hO152,3N031:g(Y), N2
_cTEXL
_2CC
999 _c386122
_d386122